000 00735nam a2200241 a 4500
001 BRCA_2706
005 20190320203930.0
008 031208s1961----nyua---###---#000-0#eng-u
050 4 _aPS3537
_b.S76B8 1961
100 1 _aStone, Irving
_97650
245 1 0 _aThe agony and the ecstasy
_ba novel of Michelangelo
_cIrving Stone.
260 _aGarden City, N. Y.
_bDoubleday
_c1961
300 _a664 p.
_bil.
_c24 cm.
500 _aIncluye glosario.
500 _aAA52
504 _aBibliografía: p. 651-658.
600 1 4 _aBuonarroti, Michel Angelo
_d1475-1564
_xNovela
_97651
650 1 4 _aArquitectos italianos
_97652
650 1 4 _aEscultores italianos
_97653
650 1 4 _aPintores italianos
_97654
902 _aGFM
942 _2lcc
_cB
999 _c2446
_d2446